| 000 | 00666cam a22002531 4500 | ||
|---|---|---|---|
| 001 | sa 68009879 | ||
| 003 | DLC | ||
| 005 | 20260227112547.0 | ||
| 008 | 900216s1963 ii 000 0 prao | ||
| 010 | _asa 68009879 | ||
| 035 | _a(OCoLC)21073746 | ||
| 040 |
_aDLC _cWaU _dDLC |
||
| 041 | 0 | _aprasan | |
| 042 | _apremarc | ||
| 050 | 0 | 0 |
_aPK5013.H35 _bA66 |
| 100 | 0 |
_aHaribhadrasūri, _d700-770. |
|
| 245 | 1 | 0 | _aAdhikāra-viṃśikā. |
| 260 | _c2490 [1963 or 4] | ||
| 300 |
_a138 p. _c19 cm. |
||
| 500 | _aIn Prakrit; commentary in Sanskrit. | ||
| 650 | 0 |
_aJainism _vPoetry. |
|
| 700 | 1 |
_aĀgamoddhāraka, _b1874-1949. |
|
| 700 | 1 |
_aSuri, Manek Sagar, _d1891- |
|
| 999 |
_c83213 _d83213 |
||